00439nam a22001217a 4500020001600000082000800016100001800024245013900042260003800181300002900219650003600248700003300284 qHard Cover. a621 aHassan,Arslan aDesign, FEM Modeling and Optimization of MEMS based Wideband Vibrational Energy Harvester for Low Power Applications /cHASSAN ARSLAN. aIslamabad :bCEME - NUST,c2018. ax, 59 p. : ill. ;c30cm. aMS Thesis Mechanics Engineering aDr. Muhammad Mubasher Saleem